000 00671nam a2200181 a 4500
008 111021s1991 ||||||||||||||||| || u
020 _a080165632X
050 _aRM 300 Hum
100 _aWingard, Lemuel B
245 1 0 _aHuman pharmacology: molecular-to-clinical
_cLemuel B. Wingard...[and others]
260 _aSt. Louis, Missouri
_bMosby
_c1991
300 _axviii, 926p.: ill.
350 _a0.00
650 _aCHEMOTHERAPY
650 0 _aPHARMACY
650 0 _aPHARMACOLOGY
995 _aMEDICAL LIBRARY OPEN ACCESS
_D0.00
_e900218
_FCBU-SCHOOL OF MEDICINE LIBRARY (Ndola)
_H1
_I0.00
_jRM 300 Hum
_M1
_UAVAILABLE
_WOct 21, 2011
_y900218
_ZMedical Library Open Access Collection
999 _c31736
_d31736